00475nam a2200193 a 4500001001300000003000900013005001700022008004100039020000900080082001500089100001700104245002700121260003400148300000900182500003500191505002000226650001800246700001700264nice12345678IN_TiNIC20260116011757.0050524s1979 newa grp 000 0 eng  ac8000a953.5bNAR aNarayan, B K aOman and Gulf Security aNew DelhibLancers Bookc1979 a192p aincludes index and biblioraphy2 aAppendex, Index aYemen-History1 aNarayan, B K